Macmillan Dictionary Of The Environment (Record no. 3491)

MARC details
005 - DATE AND TIME OF LATEST TRANSACTION
control field 20250609104332.0
020 ## - INTERNATIONAL STANDARD BOOK NUMBER
International Standard Book Number 0-333-45561-4
082 ## - DEWEY DECIMAL CLASSIFICATION NUMBER
Classification number REF 333.703 ALL
100 ## - MAIN ENTRY--PERSONAL NAME
Author name ALLABY, M.
245 ## - TITLE STATEMENT
Title Macmillan Dictionary Of The Environment
250 ## - EDITION STATEMENT
Edition statement 3rd Ed.
260 ## - PUBLICATION, DISTRIBUTION, ETC.
Place of publication, distribution, etc. New York,
Name of publisher, distributor, etc. Macmillan Reference Books,
Date of publication, distribution, etc. 1988.
300 ## - PHYSICAL DESCRIPTION
Extent 423p.:
Dimensions 24cm.
942 ## - ADDED ENTRY ELEMENTS (KOHA)
Source of classification or shelving scheme Dewey Decimal Classification
Koha item type Books
Holdings
Date last seen Total checkouts Full call number Barcode Cost, replacement price Price effective from Koha item type Lost status Source of classification or shelving scheme Damaged status Not for loan Withdrawn status Home library Current library Shelving location Date acquired Cost, normal purchase price
06/09/2025   REF 333.703 ALL 00000011680 30000.00 06/09/2025 Books   Dewey Decimal Classification       College of Business Education Main Library College of Business Education Main Library Reference Collection 06/09/2025 1988.00